| 000 | 01444cad a22002295a 4500 | ||
|---|---|---|---|
| 001 | L138523 | ||
| 008 | 070423s2007 xxkd f s 000 0 eng d | ||
| 035 | _a(Sirsi) u138523 | ||
| 041 | 0 | _aeng | |
| 050 | 0 | 4 | _a332.6324 $2 18 |
| 110 | 2 |
_aGVA Grimley _93646 |
|
| 245 | 0 | 0 |
_aUK economic and property market review _bsecond quarter 2007 _h[electronic resource] |
| 260 |
_aLondon _bGVA Grimley _c2007 |
||
| 490 | 0 |
_aGVA Grimley Economic and Property Market Review UK _vSecond Quarter 2007 |
|
| 520 | _aReports that economic growth has stabilised at a rate slightly above the trend. Employment growth has remained robust. Despite interest rates reaching 5.5%, high inflation means real interest rates are still low. A further interest rate rise is expected, which anticipates weaker economic growth. All property rental growth is considered to be at the peak of its cycle. Central London office rents are still rising strongly. A convergence of rental performance in the retail, office and industrial markets are expected. The commercial property investment boom appears appears to be ending, with yields predicted at 9.5% for 2007. | ||
| 590 | _aKA | ||
| 650 | 2 | 4 | _aGVA GRIMLEY ECONOMIC AND PROPERTY MARKET REVIEW UK |
| 651 | 4 |
_aUnited Kingdom _y |
|
| 690 | _aPROPERTY-COMMERCIAL PROPERTY-COMMERCIAL PROPERTY MARKET | ||
| 856 | 4 | 0 |
_uhttps://www.gvagrimley.co.uk/x4190.xml _zView the item free of charge at www.gvagrimley.co.uk... |
| 942 | _n0 | ||
| 999 |
_c107193 _d107193 |
||